Consumer Behaviour (Record no. 153690)

MARC details
000 -LEADER
fixed length control field 00604nam a22001937a 4500
003 - CONTROL NUMBER IDENTIFIER
control field dpl
005 - DATE AND TIME OF LATEST TRANSACTION
control field 20180709171431.0
008 - FIXED-LENGTH DATA ELEMENTS--GENERAL INFORMATION
fixed length control field 180709b xxu||||| |||| 00| 0 eng d
020 ## - INTERNATIONAL STANDARD BOOK NUMBER
International Standard Book Number 9788177080940
Terms of availability 580.00
035 ## - SYSTEM CONTROL NUMBER
System control number B-159718
040 ## - CATALOGING SOURCE
Original cataloging agency DPL
Language of cataloging EN
Transcribing agency 0
082 ## - DEWEY DECIMAL CLASSIFICATION NUMBER
Classification number 658.8342
Item number GUP
100 ## - MAIN ENTRY--PERSONAL NAME
Personal name Gupta, S.S.
Fuller form of name Soma Sen
245 ## - TITLE STATEMENT
Title Consumer Behaviour
Statement of responsibility, etc /by Soma Sen Gupta
260 ## - PUBLICATION, DISTRIBUTION, ETC. (IMPRINT)
Place of publication, distribution, etc New Delhi
Name of publisher, distributor, etc New Century Publications
Date of publication, distribution, etc 2005
270 ## - ADDRESS
Address 4800/24, Bharat Ram Road, Ansari road, Daryaganj
City New Delhi
State or province 110002
300 ## - PHYSICAL DESCRIPTION
Extent viii,297p.
Dimensions 22cm.
942 ## - ADDED ENTRY ELEMENTS (KOHA)
Source of classification or shelving scheme Dewey Decimal Classification
Koha item type English Books
Classification part 658.8342
Call number suffix GUP
Holdings
Withdrawn status Lost status Source of classification or shelving scheme Damaged status Not for loan Collection code Home library Current library Shelving location Date acquired Source of acquisition Cost, normal purchase price Total Checkouts Full call number Barcode Date last seen Cost, replacement price Price effective from Koha item type
    Dewey Decimal Classification     Non-fiction Patel Nagar Patel Nagar General Stacks 09/07/2018 BPPD/Pub 580.00   658.8342 GUP B-159718 09/07/2018 580.00 09/07/2018 English Books

© Delhi Public Library
Hit Counter
free hit counter